Management Capabilities and Personal Safety of Employees in Federal Road Safety Corps (FRSC), Lagos State

Preskúmanie manažérskej úlohy v oblasti bezpečnosti zamestnancov a tiež preskúmanie vplyvu angažovanosti zamestnancov na osobnú bezpečnosť pomocou Federálneho zboru pre bezpečnosť cestnej premávky (FRSC).

Salvato in:
Dettagli Bibliografici
Autore principale: Ogunkoya, Olufemi Adewale
Natura: Capitolo di libro
Lingua:inglese
Soggetti:
Tags: Aggiungi Tag
Nessun Tag, puoi essere il primo ad aggiungerne!!

MARC

LEADER 00000naa a2200000 4500
001 0299395
005 20240227101701.7
041 0 |a eng 
044 |a SK 
245 1 0 |a Management Capabilities and Personal Safety of Employees in Federal Road Safety Corps (FRSC), Lagos State  |c Olufemi Adewale Ogunkoya 
520 |a Preskúmanie manažérskej úlohy v oblasti bezpečnosti zamestnancov a tiež preskúmanie vplyvu angažovanosti zamestnancov na osobnú bezpečnosť pomocou Federálneho zboru pre bezpečnosť cestnej premávky (FRSC). 
610 2 0 |a manažment 
610 2 0 |a schopnosti pracovné 
610 2 0 |a bezpečnosť 
610 2 0 |a riaditelia 
610 2 0 |a záväzky 
100 1 |a Ogunkoya, Olufemi Adewale